Statistics for Category Elimination - Five Countries by Continent

Click here to take the quiz!

General Stats

  • This quiz has been taken 1,966 times
    (1,720 since last reset)
  • The average score is 25 of 30

Answer Stats

Continent#CategoryCountry% Correct
Africa48is not an island country
100%
Africa27flag doesn't have a moon or star
99%
Africa16contains the letter N
98%
Europe34doesn't border the Mediterranean
97%
Europe21has more than two borders
97%
Europe12doesn't speak a Slavic language
96%
Asia36is not a landlocked country
95%
Oceania13does not have any borders
95%
Europe4name has seven or more letters
95%
Asia20population is less than 80% Muslim
94%
Asia9has two or more 1-million cities
94%
North America21official language is not French
94%
Oceania10has multiple official languages
93%
North America19has less than three borders
93%
North America10contains only one word
93%
South America9official language is Spanish
92%
South America6capital ends in a vowel
91%
South America4has Amazon Rainforest territory
88%
South America3with most land below equator
85%
Asia4in the second half of the alphabet
82%
Africa4borders the DR Congo
82%
Oceania7flag does not contain Union Jack
81%
Oceania4gained independence from the UK
76%
North America2doesn't border the Caribbean Sea
71%
South America1has less than 50% forestationEcuador
64%
Africa1has more than 50 million peopleTanzania
57%
Asia1has a pair of double lettersPhilippines
51%
Oceania1capital name includes a separatorTonga
51%
Europe1has land south of Milan, ItalyRomania
44%
North America1has a population below 1 millionBahamas
36%

Score Distribution

Percentile by Number Answered

Percent of People with Each Score

Your Score History

You have not taken this quiz since the last reset